1536 1521 1228 1810 1628 1425 1242 1694 1578 1453 1679 1729 1275 1165 1704 1476 1619 1831 1230 1810 1544 1308 1785 1864 1787 1311 1032 1320 1352 1491 1949 1296 1965 1415 1767 1053 1459 1097 1363 1607 1278 1615 1958 1618 1421 1366 1076 1937 1789 1237 1576 1867 1653 1279 1926 1166 1804 1515 1717 1070 1242 1507 1099 1361 1796 1443 1889 1407 1274 1557 1571 1404 1504 1135 1051 1359 1643 1614 1310 1630 1572 1478 1383 1000 1571 1859 1281 1517 1182 1006 1859 1528 1232 1244 1115 1650 1948 1148 1013 BCNSPRNW ULIB Ver.6.0+V

เปลี่ยนเป็นภาษาไทย

Change to English
 แสดงรายละเอียดบรรณานุกรม
  กลับหน้าหลัก

Brief Record : Get Marc (ISO 2709) : E-mail record : QR code < ปิดหน้าต่าง
LEADER : 00000nam 2200000uu 4500
001    13399113677
003     ULIB
008    110627s2551||||th 000 0 tha d
020    9749335236
090    นว.^bห...ป 2551
100 0  หงษ์หยก
245 00 ปริศนาเคียงดาว/^cหงษ์หยก
250    พิมพ์ครั้งที่ 1
260    กรุงเทพฯ :^bนกฮูก,^c2551
300    359 หน้า
710 1  นกฮูก
945    ^p179^l0^i022003
995    ทศพร
999 ^a ใช้งานได้ทุกระบบ
รายการนี้ยังไม่มีแท็ก
คุณยังไม่ได้ล็อกอิน คุณสามารถมีกิจกรรมร่วมกับเว็บไซต์ได้ แต่ต้องล็อกอินก่อน ::
  ล็อกอิน

รายการสื่อสารสนเทศ

ลำดับที่ ประเภท เลขเรียก/บาร์โค้ด สถานที่ สถานะ
1. นวนิยาย
นวนิยาย
นว. ห...ป 2551 ฉ.1 
  Barcode: 022003
ห้องสมุดวิทยาเขตสวรรค์ประชารักษ์
►นวนิยาย
บนชั้น
  ขอยืม

รายการใกล้เคียง
    ผู้แต่ง [หงษ์หยก]

BibComment


ยังไม่เคยถูกคอมเมนท์

คอมเมนท์ทรัพยากรรายการนี้
  คอมเมนท์: ปริศนาเคียงดาว หง..


 Copyright 2026. Bcnsprnw @Library